Регионална библиотека "Любен Каравелов" - Русе

Городецкая живопись (Запис номер 399014)

MARC детайли
000 -Лидер
Контролно поле с фиксирана дължина nkm a22 a 4500
003 - Код на организацията, давaща контролен номер
Контролно поле BLK
005 - Дата и час на последна редакция
Контролно поле 20210218134853.0
008 - Елементи от данни с фиксирана дължина
fixed length control field 210211b bu ||||| |||| r0| ||bu |d
040 ## - Източник на каталожния запис
Идентификатор на билиотеката - собственик на записа BLK
041 ## - Код за език
Код за езика на текст/звукозапис или на отделно заглавие Руски
Код за езика КДБФ Руски
080 ## - УДК
Текстов определител УДК Живопис
УДК код - определител по УДК 75
УДК - код + определител 75(470)(084)
139 ## - Редно поле
Редна дума Городецкая живопись
Авторски знак Горо - Г 69
245 ## - Сведения за заглавието
Заглавие Городецкая живопись
Подзаглавни данни [Альбом]
Редно поле (дума) Текст, подбор ил., макет и оформление Т. Мавриной.
257 ## - Страна на издаване
Страна на създаване/издаване СССР
260 ## - Област на издателските данни
9 (RLIN) 210594
Място на издаване, разпространение и проч. Ленинград
Име на издателя, разпространителя и проч. Аврора
Година на издаване 1970
Издателство - префикс ISBN 5-7300-
300 ## - Физическа характеристика
Страници 139 с.
Илюстрации и др. ил.
Размери/Мащаб 29 см
380 ## - Жанр
Жанр Изкуство
500 ## - Общи забележки
Забележка Городецката живопис върху дърво. - Библиогр. в конце книги.
650 #0 - Допълнително описание по предмет – тема
9 (RLIN) 278366
Основно описание – тема или топоним Живопис, руска
650 #0 - Допълнително описание по предмет – тема
9 (RLIN) 308800
Основно описание – тема или топоним Изкуство - Русия
651 #7 - Допълнително описание по предмет - топоним
9 (RLIN) 179465
Географско понятие Русия
651 #0 - Допълнително описание по предмет - топоним
9 (RLIN) 441871
Географско понятие Городец
653 #7 - Ключова дума – ненормативна
9 (RLIN) 195603
Ключова дума рисунки
653 #7 - Ключова дума – ненормативна
Ключова дума дърво
653 #0 - Ключова дума – ненормативна
9 (RLIN) 441872
Ключова дума Городецка живопис
700 ## - Други автори (авторска отговорност)
9 (RLIN) 407
Лично име Маврина, Татьяна Алексеевна
Автороска отговорност (Описва отношението между автора и произведението) авт. текста и состав.
852 ## - Местоположение
Форматна сигнатура Цб II 29382
Фондова буква Основен фонд - ползва се само за читалня
999 ## - СИСТЕМНИ КОНТРОЛНИ НОМЕРА
Koha biblionumber 399014
Koha biblioitemnumber 399014
942 ## - АРТИКУЛИ
Вид на библиотечния материал Графични издания
Скрит в OPAC Не
Периодичен библиозапис Да
944 ## - СЪЗДАВАНЕ И РЕДАКЦИЯ на ЗАПИСА
Създаване/Редакция Създаване
Дата на регистрацията/редакция 2021-02-18
Служител, извършил регистрацията/редакцията Кети
Наличности
Код за отписване Код за изгубен артикул Източник на класификационната схема Код за повреда Коз за рестрикции Код за отдаване Артикулен № Име на библиотеката - собственик Име на библиотеката, в която се намира в момента Статус (Текущо местоположение) Дата на вписване в системата Местоположение - отдел Цена в лева Инвентарен номер Систематично азбучна сигнатура Баркод Цена в евро Служебен тип на артикула
  Не е изгубен Universal Decimal Classification Не е повреден само за читалня ползва се в читалня 813131 Регионална библиотека "Любен Каравелов" Русе Регионална библиотека "Любен Каравелов" Русе Хранилище 2021-02-23 Основен фонд - ползва се само за читалня 6.48 90908 Цб II 29382 120000090908 3.31 Графични издания
Vip Innovations Ltd, Rousse, Bulgaria 2025